Guess the real flight simulator airline by country - Statistics

General Stats
  • This quiz has been taken 4 times
  • The average score is 4 of 8
Answer Stats
Hint Answer % Correct
Dino fly Private United States of America
100%
East Airlines China
75%
DamnFly Cargo France/United Kingdom
75%
Fish Air United Kingdom
75%
107 ATA Airline Canada
50%
DHL Airwaya Mexico
50%
Aero Taru Korea
0%
DIGH Airways Netherlands[Holland]
0%
No matching quizzes found
Score Distribution
Percent of People with Each Score
Percentile by Number Answered
Your Score History
You have not taken this quiz